[Event "POL-chT3"]
[Site "Jastrzebia Gora POL"]
[Date "2015.??.??"]
[Round "5.21"]
[White "Lizak, Jakub"]
[Black "Perdek, Miroslaw"]
[Result "1-0"]
[WhiteElo "2113"]
[BlackElo "2225"]
[EventDate "2015.??.??"]
[WhiteTitle "k"]
[BlackTitle "FM"]

1.e4 e5 2.Nf3 Nc6 3.Bb5 a6 4.Ba4 Nf6 5.O-O Be7 6.Re1 b5 7.Bb3 d6 8.c3 O-O 
9.h3 Na5 10.Bc2 c5 11.d4 Qc7 12.Nbd2 Rd8 13.b3 cxd4 14.cxd4 exd4 15.Bb2 
Nc6 16.Nxd4 Nxd4 17.Bxd4 Bb7 18.Rc1 Qa5 19.Nf1 Rac8 20.Qd3 g6 21.Ng3 Qc7 
22.Qe3 Qd7 23.Nf5 Re8 24.Nxe7+ Qxe7 25.f3 Nd7 26.Qh6 Qf8 27.Qf4 Qe7 28.Bb2
Rc6 29.Bd3 Rec8 30.Rxc6 Rxc6 31.h4 Ne5 32.Bb1 Rc8 33.Qh6 f6 34.Qe3 Kf7 35.
Rd1 Qc7 36.Qd2 Ke6 37.a3 Qc5+ 38.Bd4 Qc7 39.b4 Nc4 40.Qf4 1-0

[Event "POL-chT3"]
[Site "Jastrzebia Gora POL"]
[Date "2015.??.??"]
[Round "5.22"]
[White "Nowak, Kamil"]
[Black "Duda, Lukasz"]
[Result "1/2-1/2"]
[WhiteElo "2133"]
[BlackElo "2153"]
[EventDate "2015.??.??"]
[WhiteTitle "I+"]
[BlackTitle "I++"]

1.e4 e5 2.Nf3 Nc6 3.Bb5 a6 4.Ba4 Nf6 5.O-O b5 6.Bb3 Be7 7.d3 d6 8.a4 Bg4 
9.c3 Na5 10.Ba2 c5 11.h3 Bd7 12.axb5 axb5 13.Bg5 O-O 14.Na3 Qb6 15.Nc2 Be6
16.Ne3 Bxa2 17.Rxa2 Qb7 18.Bxf6 Bxf6 19.Nd5 Bd8 20.b4 cxb4 21.cxb4 Nc6 22.
Rxa8 Qxa8 23.Qb3 Ne7 24.Nc3 Qc6 25.d4 Ng6 26.dxe5 dxe5 27.Nd5 Re8 28.g3 h6
29.Ra1 Bb6 30.Kg2 Bd4 31.Rd1 Ba7 32.Rd2 Qb7 33.Qd3 Kh7 34.Rc2 Rc8 35.h4 
Rxc2 36.Qxc2 f6 37.Qc7 Qxc7 38.Nxc7 Bb8 39.Nxb5 Ne7 40.Nc3 Kg8 41.Nd2 Kf7 
42.Nd5 Nc8 43.Nc4 Ke6 44.h5 f5 45.f3 fxe4 46.fxe4 Na7 47.Nc3 Kf6 48.g4 g6 
49.hxg6 Kxg6 50.b5 h5 51.Kg3 hxg4 52.Kxg4 Kf6 53.Nd5+ Ke6 54.b6 Nb5 55.Na5
Nd6 56.Nc3 Kd7 57.Kg5 Bc7 58.b7 Bd8+ 59.Kg6 Kc7 60.Kg7 Kb8 1/2-1/2

[Event "POL-chT3"]
[Site "Jastrzebia Gora POL"]
[Date "2015.??.??"]
[Round "5.23"]
[White "Dudys, Jakub"]
[Black "Kolasinski, Krzysztof"]
[Result "1-0"]
[WhiteElo "2115"]
[BlackElo "2087"]
[EventDate "2015.??.??"]
[WhiteTitle "I++"]
[BlackTitle "I++"]

1.e4 e6 2.d4 d5 3.exd5 exd5 4.Nf3 Bd6 5.c4 dxc4 6.Bxc4 Nf6 7.O-O O-O 8.Bg5
Bg4 9.h3 Bh5 10.Nc3 Nbd7 11.Re1 Re8 12.Qb3 Rxe1+ 13.Rxe1 Nb6 14.Be2 Be7 
15.Ne5 Bg6 16.Bf3 c6 17.Bxc6 Bf8 18.Bxb7 Rb8 19.Nc6 Qc7 20.Nxb8 Qxb7 21.
Bxf6 gxf6 22.Re8 Kg7 23.a4 Bd6 24.a5 Bxb8 25.axb6 Bd6 26.Nd5 Qc6 27.Re1 
Be4 28.b7 Bb8 29.Ne3 Qc7 30.g3 Qa5 31.Qc3 Qh5 32.Qc8 Qf3 33.Qg4+ Qxg4 34.
Nxg4 f5 35.Rxe4 fxe4 36.Ne5 1-0

[Event "POL-chT3"]
[Site "Jastrzebia Gora POL"]
[Date "2015.??.??"]
[Round "5.24"]
[White "Iwanow, Anna"]
[Black "Szydlowska-Duda, Marta"]
[Result "1-0"]
[WhiteElo "2312"]
[BlackElo "1990"]
[EventDate "2015.??.??"]
[WhiteTitle "WIM"]
[BlackTitle "k"]

1.e4 c6 2.d4 d5 3.Nc3 dxe4 4.Nxe4 Bf5 5.Ng3 Bg6 6.N1e2 e6 7.Nf4 Bd6 8.c3 
Nf6 9.h4 Bxf4 10.Bxf4 h6 11.h5 Bh7 12.Be2 Nbd7 13.O-O O-O 14.Qb3 Nb6 15.
Rad1 Nfd5 16.Bd2 Qc7 17.c4 Nf4 18.Bf3 Rab8 19.Qe3 g5 20.hxg6 fxg6 21.b3 
Qf7 22.Bb4 Rfd8 23.Ne4 g5 24.Rfe1 Bf5 25.Bc3 Nd7 26.Nd6 Qf8 27.Nxf5 exf5 
28.d5 c5 29.Bb2 Re8 30.Qc3 Kh7 31.g4 Ng6 32.gxf5 Nge5 33.Be4 Qf6 34.Kg2 
Kg8 35.Qg3 Qf7 36.f4 Nxc4 1-0

[Event "POL-chT3"]
[Site "Jastrzebia Gora POL"]
[Date "2015.??.??"]
[Round "5.25"]
[White "Rudolf, Michal"]
[Black "Nguyen, Piotr"]
[Result "1-0"]
[WhiteElo "2326"]
[BlackElo "2327"]
[EventDate "2015.??.??"]
[WhiteTitle "FM"]
[BlackTitle "m"]

1.e4 c5 2.c3 d5 3.exd5 Qxd5 4.d4 g6 5.Nf3 Bg7 6.Na3 cxd4 7.Bc4 Qe4+ 8.Be3 
Nh6 9.cxd4 O-O 10.Nb5 Nc6 11.Nc3 Qg4 12.h3 Qh5 13.O-O Nf5 14.Rc1 Bd7 15.
Nd5 Nxe3 16.fxe3 Rad8 17.b4 Qh6 18.Qb3 e6 19.Nf4 Ne7 20.Bxe6 g5 21.Bxd7 
gxf4 22.Bb5 fxe3 23.Bc4 Nf5 24.Ne5 e2 25.Rfe1 Qf4 26.Nf3 Nxd4 27.Nxd4 
Bxd4+ 28.Kh1 Bf2 29.Bxe2 Bxe1 30.Rxe1 Rde8 31.Rf1 Qe3 32.Bd3 Re6 33.Qc2 h6
34.Bc4 Rd6 35.Qf5 Qg5 36.Qe4 b5 37.Rxf7 Qc1+ 38.Kh2 1-0

[Event "POL-chT3"]
[Site "Jastrzebia Gora POL"]
[Date "2015.??.??"]
[Round "5.26"]
[White "Licznerski, Lukasz"]
[Black "Zujev, Oleg"]
[Result "1-0"]
[WhiteElo "2293"]
[BlackElo "2271"]
[EventDate "2015.??.??"]
[WhiteTitle "FM"]
[BlackTitle ""]

1.e4 c5 2.Nf3 e6 3.d4 cxd4 4.Nxd4 a6 5.Bd3 Bc5 6.Nb3 Be7 7.Qg4 g6 8.Qe2 d6
9.O-O Nd7 10.a4 b6 11.Na3 Qc7 12.a5 b5 13.c4 b4 14.Nc2 Nc5 15.Nxc5 dxc5 
16.e5 h5 17.h3 Bb7 18.Bf4 Nh6 19.Rfd1 O-O-O 20.Ne1 g5 21.Bg3 Rdg8 22.Be4 
h4 23.Bh2 g4 24.hxg4 Nxg4 25.Qf3 Bxe4 26.Qxe4 Kb8 27.Nf3 h3 28.g3 Rh5 29.
Rd2 Nxh2 30.Kxh2 Rc8 31.Rad1 Qc6 32.Qxc6 Rxc6 33.Rd7 Rc7 34.g4 Rh8 35.Kg3 
h2 36.Nxh2 Kc8 37.Rxc7+ Kxc7 38.f4 Rd8 39.Rxd8 Bxd8 40.g5 Kd7 41.b3 Bxa5 
42.Kg4 Bd8 43.Nf3 a5 44.Nd2 Be7 45.Kh5 Ke8 46.Kh6 Kf8 47.Kh7 Bd8 48.Kh8 
Be7 49.Ne4 Ke8 50.Kg8 Bf8 51.Nf6+ Ke7 52.Ne4 Ke8 53.Nf2 Ke7 54.Kh7 Kd7 55.
Ne4 Kd8 56.g6 fxg6 57.Kxg6 Be7 58.Kg7 Kc8 59.Kg6 Kd8 60.f5 exf5 61.Kxf5 
Kd7 62.e6+ Kc6 63.Kg6 Kc7 64.Kf7 Kd8 65.Nd2 Bd6 66.Nf1 Be7 67.Ne3 Bd6 68.
Nd5 Ke8 1-0

[Event "POL-chT3"]
[Site "Jastrzebia Gora POL"]
[Date "2015.??.??"]
[Round "5.27"]
[White "Warszawski, Bartosz"]
[Black "Flak, Pawel"]
[Result "0-1"]
[WhiteElo "2224"]
[BlackElo "2223"]
[EventDate "2015.??.??"]
[WhiteTitle "m"]
[BlackTitle "k"]

1.e4 Nf6 2.e5 Nd5 3.d4 d6 4.c4 Nb6 5.exd6 exd6 6.Nc3 Nc6 7.Be3 Bf5 8.Nf3 
Be7 9.Be2 O-O 10.O-O d5 11.b3 Bf6 12.c5 Nc8 13.h3 b6 14.Na4 Nb4 15.Ne1 
bxc5 16.Nxc5 Nd6 17.a3 Nc6 18.Rc1 Bg6 19.Na6 Qd7 20.Nf3 Rac8 21.b4 Rfd8 
22.Bf4 Nc4 23.Bxc4 dxc4 24.Rxc4 Nxd4 25.Rxc7 Rxc7 26.Bxc7 Bc2 27.Qe1 Re8 
28.Ne5 Bxe5 29.Bxe5 f6 30.Nc5 Qd5 0-1

[Event "POL-chT3"]
[Site "Jastrzebia Gora POL"]
[Date "2015.??.??"]
[Round "5.28"]
[White "Szymczak, Rafal"]
[Black "Chalupnik, Marcin"]
[Result "0-1"]
[WhiteElo "2062"]
[BlackElo "2210"]
[EventDate "2015.??.??"]
[WhiteTitle "k"]
[BlackTitle "k++"]

1.f4 c5 2.Nf3 g6 3.g3 Bg7 4.Bg2 Nc6 5.O-O e6 6.d3 Nge7 7.c3 O-O 8.e4 d5 9.
Qc2 b6 10.a4 Bb7 11.Na3 Rc8 12.Rd1 a6 13.Qe2 Rc7 14.e5 Qd7 15.Nc2 Na5 16.
Nd2 Rd8 17.Ne3 d4 18.cxd4 Qxd4 19.Bxb7 Rxb7 20.Nf3 Qd7 21.Ra3 Nd5 22.Nxd5 
Qxd5 23.Be3 Nb3 24.Ng5 c4 25.Ne4 cxd3 26.Qg2 Rbd7 27.Bxb6 Rc8 28.Nc3 Qc4 
29.a5 d2 30.Ra4 Qd3 31.Re4 Qc2 32.Qe2 Qxb2 33.Rc4 Rxc4 34.Qxc4 Bf8 35.Rb1 
Qxb1+ 0-1

[Event "POL-chT3"]
[Site "Jastrzebia Gora POL"]
[Date "2015.??.??"]
[Round "5.29"]
[White "Kaim, Piotr"]
[Black "Pietocha, Pawel"]
[Result "1-0"]
[WhiteElo "2195"]
[BlackElo "2077"]
[EventDate "2015.??.??"]
[WhiteTitle "m"]
[BlackTitle "I++"]

1.Nf3 d5 2.c4 d4 3.g3 c5 4.b4 cxb4 5.a3 e6 6.Bg2 Nc6 7.O-O Nf6 8.d3 Bc5 9.
axb4 Bxb4 10.Ba3 O-O 11.Qb3 Qd6 12.Bxb4 Nxb4 13.Na3 Nc6 14.Nb5 Qc5 15.Qa3 
Qxa3 16.Rxa3 Rd8 17.Nd2 a6 18.c5 Ne8 19.Ne4 f5 20.Ned6 Rb8 21.Nxe8 axb5 
22.Nd6 b4 23.Rb3 Bd7 24.Rfb1 e5 25.Bxc6 Bxc6 26.Nxf5 Kf7 27.Rxb4 Rd7 28.
Rb6 Rc7 29.Nd6+ Ke7 30.Nb5 Rd7 31.Nd6 Rc7 32.Nc4 Bd5 33.Nxe5 Rxc5 34.f4 
Rbc8 35.Kf2 Rc2 36.Nf3 Ra2 37.Nxd4 Rc3 38.R1b2 Ra1 39.e4 Bc6 40.Nxc6+ bxc6
41.R6b3 Rcc1 42.Ke3 Re1+ 43.Kd4 Rec1 44.Rc3 Rxc3 45.Kxc3 Kd6 46.Rb7 Ra3+ 
47.Kd4 c5+ 48.Kc4 1-0

[Event "POL-chT3"]
[Site "Jastrzebia Gora POL"]
[Date "2015.??.??"]
[Round "5.30"]
[White "Leszner, Liliana"]
[Black "Bednarska-bzdega, Malgorzata"]
[Result "1/2-1/2"]
[WhiteElo "2027"]
[BlackElo "2052"]
[EventDate "2015.??.??"]
[WhiteTitle "WIM"]
[BlackTitle "WFM"]

1.e4 c5 2.g3 d5 3.Bg2 dxe4 4.Bxe4 Nf6 5.Bg2 Bg4 6.Nf3 Nc6 7.h3 Bh5 8.g4 
Bg6 9.d3 e6 10.Nc3 c4 11.dxc4 Nb4 12.Qxd8+ Rxd8 13.O-O Nxc2 14.Rb1 Nb4 15.
Ra1 Bd6 16.Bg5 Bd3 17.Rfc1 h6 18.Bxf6 gxf6 19.Nb5 Bf4 20.Rc3 Nc6 21.Ne1 
Bg6 22.Bxc6+ bxc6 23.Nxa7 Rd2 24.Rb3 Kd7 25.Nf3 Rc2 26.Rb7+ Kd6 27.b4 Bc1 
28.c5+ Kd5 29.Rd7+ Ke4 30.Kg2 Be3 31.Rf1 h5 32.Nh2 f5 33.Rdd1 Kf4 34.Rd3 
Bc1 35.Rd4+ Kg5 36.Nxc6 fxg4 37.hxg4 Bf4 38.Nf3+ Kxg4 39.a4 h4 40.Ne1 h3+ 
41.Kh1 Rc3 42.Ne5+ Kf5 43.Nxg6 fxg6 44.Nd3 e5 45.Rd7 Ke4 46.Nxf4 exf4 47.
Rg7 Rb8 48.b5 Rxc5 49.Rxg6 Ra8 50.Ra1 Rxb5 51.Re1+ Kf5 52.axb5 1/2-1/2

[Event "POL-chT3"]
[Site "Jastrzebia Gora POL"]
[Date "2015.??.??"]
[Round "5.31"]
[White "Tazbir, Marcin"]
[Black "Sadowski, Miroslaw"]
[Result "1-0"]
[WhiteElo "2517"]
[BlackElo "2106"]
[EventDate "2015.??.??"]
[WhiteTitle "GM"]
[BlackTitle "k"]

1.c4 g6 2.Nc3 Bg7 3.g3 c5 4.Bg2 Nc6 5.Nh3 e5 6.O-O Nge7 7.f4 d6 8.d3 O-O 
9.Rb1 h6 10.Kh1 Be6 11.Nd5 Nb4 12.Nxb4 cxb4 13.Ng1 d5 14.b3 exf4 15.gxf4 
a5 16.Nf3 dxc4 17.bxc4 Nc6 18.Qd2 Qd7 19.Bb2 Rad8 20.a3 Bxb2 21.Qxb2 Qd6 
22.axb4 axb4 23.Ne5 Rb8 24.d4 Qxd4 25.Nxc6 Qxb2 26.Ne7+ Kg7 27.Rxb2 Bxc4 
28.Rc1 b5 29.Nc6 Rbe8 30.Ne5 b3 31.Nxc4 bxc4 32.Rxc4 Re3 33.Rb4 Rc8 34.Bf3
Rcc3 35.h4 Kf6 36.Kg2 Kf5 37.Kg3 Kf6 38.Rb5 1-0

[Event "POL-chT3"]
[Site "Jastrzebia Gora POL"]
[Date "2015.??.??"]
[Round "5.32"]
[White "Pazderski, Ziemowit"]
[Black "Sopur, Lech"]
[Result "1/2-1/2"]
[WhiteElo "2249"]
[BlackElo "2419"]
[EventDate "2015.??.??"]
[WhiteTitle "k+"]
[BlackTitle "m"]

1.d4 Nf6 2.c4 e6 3.g3 Bb4+ 4.Nd2 Nc6 5.Nf3 d5 6.Bg2 dxc4 7.O-O Bxd2 8.Qxd2
Rb8 9.Rd1 O-O 10.Qc2 b5 11.b3 Nb4 12.Qd2 Nbd5 13.bxc4 bxc4 14.Ba3 Re8 15.
Ne5 c3 16.Qd3 Bb7 17.e4 Nb6 18.Qc2 h5 19.f3 h4 20.g4 Nh7 21.Qxc3 Ng5 22.h3
f5 23.Nc6 Bxc6 24.Qxc6 fxe4 25.fxe4 Qf6 26.Rd3 Rbd8 27.Rf1 Qg6 28.Rd2 Rd7 
29.Bc1 Red8 30.Bb2 Kh7 31.Rdf2 e5 32.d5 Qxc6 33.dxc6 Rd6 34.Bxe5 Rxc6 35.
Rf5 Ne6 36.Bf4 Nxf4 37.R1xf4 Rc1+ 38.Rf1 Rc2 39.R1f2 Rd1+ 40.Kh2 Rxf2 41.
Rxf2 Nc4 42.Rc2 Ne3 43.Re2 Nxg2 44.Kxg2 Kg6 45.e5 Kf7 46.Kf3 Ke6 47.Rc2 
Kxe5 48.Rxc7 Rd3+ 49.Kg2 Rg3+ 50.Kf2 Rxh3 51.Rxa7 Kf6 52.g5+ Kg6 53.a4 Rg3
54.Ra5 Ra3 55.Ra7 Rg3 56.Ra5 Kh5 57.Rb5 Ra3 58.a5 g6 59.Kg2 Kg4 60.Kh2 
Ra2+ 61.Kg1 Kf4 62.Kh1 Ra3 63.Kg2 Ra2+ 64.Kg1 Kf3 65.Rb3+ Ke2 66.Rb6 Rxa5 
67.Rb5 Ra4 68.Kf1 1/2-1/2

[Event "POL-chT3"]
[Site "Jastrzebia Gora POL"]
[Date "2015.??.??"]
[Round "5.33"]
[White "Sapis, Witalis"]
[Black "Szustakowski, Antoni"]
[Result "1-0"]
[WhiteElo "2396"]
[BlackElo "2030"]
[EventDate "2015.??.??"]
[WhiteTitle "IM"]
[BlackTitle "I"]

1.d4 Nf6 2.Nf3 d5 3.c4 e6 4.Nc3 Be7 5.cxd5 exd5 6.Bg5 c6 7.Qc2 g6 8.e3 Bf5
9.Bd3 Bxd3 10.Qxd3 O-O 11.Bxf6 Bxf6 12.b4 a6 13.O-O Qe7 14.Rab1 Bg7 15.Na4
Nd7 16.Nc5 b5 17.Nxd7 Qxd7 18.Rfc1 f5 19.Qc2 Rac8 20.g3 f4 21.exf4 Rxf4 
22.Rb3 Re4 23.Rc3 Re6 24.a4 Qe7 25.axb5 axb5 26.Qb3 Bf8 27.Rc5 Qd8 28.R5c2
Qe7 29.Ne5 Qxb4 30.Qxb4 Bxb4 31.Nxc6 Ba3 32.Ne7+ Rxe7 33.Rxc8+ Kf7 34.Rb1 
b4 35.Rc5 Ke6 36.Re1+ Kd6 37.Rxe7 Kxe7 38.Rxd5 b3 39.Rb5 b2 40.Kf1 Kd6 41.
Ke2 Kc6 42.Rb3 Kd5 43.Kd3 1-0

[Event "POL-chT3"]
[Site "Jastrzebia Gora POL"]
[Date "2015.??.??"]
[Round "5.34"]
[White "Sliwicka, Alicja"]
[Black "Swic, Waldemar"]
[Result "1-0"]
[WhiteElo "2003"]
[BlackElo "2345"]
[EventDate "2015.??.??"]
[WhiteTitle "WFM"]
[BlackTitle "FM"]

1.e4 g6 2.d4 Bg7 3.Nc3 c6 4.Be3 d5 5.Nf3 dxe4 6.Nxe4 Bf5 7.Ng3 Bg4 8.Bc4 
Bxf3 9.Qxf3 Nf6 10.c3 O-O 11.O-O Nbd7 12.Rad1 Nb6 13.Bb3 e6 14.h4 Nbd5 15.
h5 Nxe3 16.fxe3 Qe7 17.h6 Bh8 18.e4 e5 19.Nf5 Qc7 20.Ng7 Ne8 21.Ne6 Qe7 
22.Nxf8 1-0

[Event "POL-chT3"]
[Site "Jastrzebia Gora POL"]
[Date "2015.??.??"]
[Round "5.35"]
[White "Flis, Pawel"]
[Black "Krasiewicz, Robert"]
[Result "0-1"]
[WhiteElo "2017"]
[BlackElo "2027"]
[EventDate "2015.??.??"]
[WhiteTitle "k"]
[BlackTitle "k+"]

1.e4 e6 2.d3 d5 3.Qe2 Be7 4.Nf3 Nf6 5.g3 c5 6.Bg2 Nc6 7.O-O O-O 8.e5 Nd7 
9.c4 d4 10.h4 Qc7 11.Bf4 a6 12.Nbd2 Rb8 13.Rfe1 b5 14.h5 Bb7 15.b3 Nb4 16.
Rec1 bxc4 17.bxc4 Nb6 18.a3 Nc6 19.Ne4 Na5 20.Rab1 Bxe4 21.Qxe4 Na4 22.
Rxb8 Rxb8 23.Bd2 Nb3 24.Rc2 Nxd2 25.Nxd2 Nc3 26.Qc6 Qxe5 27.Ne4 Nxe4 28.
Qxe4 Rb1+ 29.Kh2 Qxh5+ 30.Bh3 Qd1 31.Bxe6 fxe6 32.Qxe6+ Kf8 33.Qc8+ Kf7 
34.Qf5+ Bf6 35.Qd5+ Kg6 36.Qe4+ Kh6 37.Qf4+ Bg5 38.Qd6+ Kh5 39.g4+ Qxg4 
0-1

[Event "POL-chT3"]
[Site "Jastrzebia Gora POL"]
[Date "2015.??.??"]
[Round "5.36"]
[White "Andrejczuk, Beata"]
[Black "Antolak, Julia"]
[Result "0-1"]
[WhiteElo "2136"]
[BlackElo "1945"]
[EventDate "2015.??.??"]
[WhiteTitle "WFM"]
[BlackTitle "k+"]

1.e4 c5 2.Nc3 e6 3.f4 d5 4.e5 Nc6 5.Nf3 Nh6 6.Bb5 Bd7 7.d4 Nxd4 8.Bxd7+ 
Qxd7 9.Nxd4 cxd4 10.Qxd4 Nf5 11.Qf2 Rc8 12.g4 Bc5 13.Qg2 Nd4 14.Kd1 O-O 
15.Bd2 b5 16.a3 a5 17.Rc1 b4 18.axb4 axb4 19.Ne2 Qa4 20.b3 Qa5 21.Ng3 Nb5 
22.Ne2 Qb6 23.h4 Be3 24.Rh3 Bxd2 25.Kxd2 Rc7 26.h5 Rfc8 27.h6 Nd4 28.c4 
bxc3+ 29.Rcxc3 Nxe2 30.Rxc7 Qxc7 31.Kxe2 Qc2+ 32.Kf1 Qd1+ 0-1

[Event "POL-chT3"]
[Site "Jastrzebia Gora POL"]
[Date "2015.??.??"]
[Round "5.37"]
[White "Teclaf, Pawel"]
[Black "Janik, Igor"]
[Result "1/2-1/2"]
[WhiteElo "2200"]
[BlackElo "2387"]
[EventDate "2015.??.??"]
[WhiteTitle "CM"]
[BlackTitle "I++"]

1.e4 c5 2.Nf3 d6 3.d4 cxd4 4.Nxd4 Nf6 5.Nc3 g6 6.f4 Nc6 7.Nxc6 bxc6 8.e5 
Nd7 9.exd6 exd6 10.Be3 Be7 11.Qd2 O-O 12.O-O-O d5 13.Kb1 Nf6 14.Bd4 Be6 
15.Be2 Rb8 16.g4 c5 17.Be5 d4 18.Qe1 Qb6 19.Na4 Qc6 20.Qa5 Rb4 21.Bxf6 
Bxa2+ 22.Kc1 Qxf6 23.b3 Rfb8 24.Nxc5 Qxf4+ 25.Kb2 Bxc5 26.Kxa2 Bf8 27.Qd5 
d3 28.Rxd3 Ra4+ 29.Kb2 Qf6+ 30.c3 Qa6 31.b4 Qf6 32.Kc2 Bxb4 33.Rf1 Qe7 34.
Re3 Qc7 35.Bc4 Bd6 36.Qxf7+ Qxf7 37.Bxf7+ Kg7 38.Be6 Rb7 39.Bd5 Rc7 40.g5 
Ra5 41.Rd1 Bf4 42.Re8 Bxg5 43.Rd3 Bf4 44.h3 Ra1 45.Rf3 Bg5 46.Ref8 Rc1+ 
47.Kb2 Rd1 48.R3f7+ Rxf7 49.Rxf7+ Kh6 50.Bc4 Be3 51.Re7 Bc5 52.Rc7 Bb6 53.
Rb7 Rd8 54.Be6 Rh8 55.c4 Kg5 56.Kb3 h5 57.Kb4 Re8 58.Bf7 Re5 59.Rd7 Kf6 
60.Bd5 1/2-1/2

[Event "POL-chT3"]
[Site "Jastrzebia Gora POL"]
[Date "2015.??.??"]
[Round "5.38"]
[White "Lisowski, Krzysztof"]
[Black "Oszczanowski, Witold"]
[Result "0-1"]
[WhiteElo "2137"]
[BlackElo "2086"]
[EventDate "2015.??.??"]
[WhiteTitle "k"]
[BlackTitle "k"]

1.Nf3 d5 2.g3 Nf6 3.Bg2 c5 4.c4 e6 5.cxd5 exd5 6.d4 Nc6 7.Nc3 h6 8.O-O Be6
9.Be3 c4 10.b3 Bb4 11.Bd2 O-O 12.bxc4 dxc4 13.Qa4 Bxc3 14.Bxc3 Ne4 15.Bb2 
Bd5 16.Rfd1 b5 17.Qc2 Qf6 18.Bc1 c3 19.Be3 Nb4 20.Qb1 c2 21.Qxb4 cxd1=Q+ 
22.Rxd1 a5 23.Qb2 b4 24.Rc1 Nc3 25.a3 Rfc8 26.Bf4 bxa3 27.Qc2 a2 28.Ra1 
Bxf3 29.Bxf3 Qxd4 30.Kg2 Nxe2 31.Qxa2 Nxf4+ 32.gxf4 Ra7 33.f5 Qe5 34.Qa4 
Qxf5 35.Bg4 Qd5+ 36.Kg1 Rc4 37.Qe8+ Kh7 38.Bd1 Qg5+ 39.Kf1 Re7 40.Qa8 Qe5 
41.Qxa5 Rc5 0-1

[Event "POL-chT3"]
[Site "Jastrzebia Gora POL"]
[Date "2015.??.??"]
[Round "5.39"]
[White "Zareba, Radoslaw"]
[Black "Jedra, Waldemar"]
[Result "1-0"]
[WhiteElo "2071"]
[BlackElo "1986"]
[EventDate "2015.??.??"]
[WhiteTitle "I"]
[BlackTitle "I"]

1.e4 c6 2.d4 d5 3.f3 dxe4 4.fxe4 e5 5.Nf3 Be6 6.c3 exd4 7.cxd4 Nf6 8.Nc3 
Bb4 9.Bd3 Nbd7 10.O-O Qb6 11.Kh1 Bg4 12.Be3 Qa5 13.Qc2 h6 14.a3 Be7 15.b4 
Qd8 16.Bc4 Bxf3 17.Rxf3 Nb6 18.Bxf7+ Kxf7 19.e5 Nd5 20.Nxd5 cxd5 21.exf6 
Bxf6 22.Raf1 Rc8 23.Qf5 Rc6 24.Rg3 Kg8 25.b5 Rb6 26.Rc1 Kf7 27.Bf4 Re8 28.
Bc7 Qxc7 29.Rxc7+ 1-0

[Event "POL-chT3"]
[Site "Jastrzebia Gora POL"]
[Date "2015.??.??"]
[Round "5.40"]
[White "Migala, Andrzej"]
[Black "Czachor, Radoslaw"]
[Result "0-1"]
[WhiteElo "1984"]
[BlackElo "1994"]
[EventDate "2015.??.??"]
[WhiteTitle "I++"]
[BlackTitle "I++"]

1.e4 e5 2.Nf3 Nc6 3.Bc4 Nf6 4.d4 exd4 5.e5 d5 6.Bb5 Ne4 7.Nxd4 Bd7 8.Bxc6 
bxc6 9.O-O Bc5 10.f3 Ng5 11.f4 Ne4 12.Be3 O-O 13.Nd2 f6 14.Nxe4 dxe4 15.
Qd2 fxe5 16.fxe5 Qe7 17.e6 Bxe6 18.Nxc6 Qd6 19.Nd4 Rxf1+ 20.Rxf1 Rd8 21.c3
Bb6 22.b4 Bc4 23.Rf4 Bd3 24.Nb3 Qxf4 0-1

[Event "POL-chT3"]
[Site "Jastrzebia Gora POL"]
[Date "2015.??.??"]
[Round "5.42"]
[White "Gorecka, Joanna"]
[Black "Zdziarska-zareba, Lidia"]
[Result "1-0"]
[WhiteElo "2069"]
[BlackElo "1913"]
[EventDate "2015.??.??"]
[WhiteTitle "WFM"]
[BlackTitle "k+"]

1.e4 c5 2.Nf3 e6 3.d4 cxd4 4.Nxd4 Nc6 5.Nc3 Qc7 6.Be3 a6 7.Nxc6 bxc6 8.Bd3
d5 9.f4 d4 10.Bxd4 Qxf4 11.Qf3 Qc7 12.O-O c5 13.Be5 Qb7 14.Nb5 f6 15.Nc7+ 
Kf7 16.Qh5+ g6 17.Qg5 Be7 18.Rxf6+ Nxf6 19.Rf1 Rf8 20.Rxf6+ Kg8 21.Rxg6+ 
1-0

[Event "POL-chT3"]
[Site "Jastrzebia Gora POL"]
[Date "2015.??.??"]
[Round "5.43"]
[White "Krogulski, Grzegorz"]
[Black "Suliborski, Jakub"]
[Result "1-0"]
[WhiteElo "2304"]
[BlackElo "2071"]
[EventDate "2015.??.??"]
[WhiteTitle "m"]
[BlackTitle "I++"]

1.e4 c5 2.Nf3 a6 3.c3 g6 4.d4 cxd4 5.cxd4 d5 6.exd5 Nf6 7.Nc3 Bg7 8.Qb3 
O-O 9.Be2 Nbd7 10.Bg5 Nb6 11.Bxf6 Bxf6 12.O-O Bf5 13.Ne5 h5 14.Bf3 Rc8 15.
Rfe1 Qd6 16.a4 Nd7 17.Nc4 Qf4 18.Ne2 Qg5 19.Ne3 b6 20.Rac1 Bg7 21.Rc6 Nf6 
22.Rxb6 Be4 23.Rxf6 exf6 24.Bxe4 f5 25.Bf3 f4 26.Nc4 h4 27.h3 f5 28.d6 Rb8
29.Nb6+ Kh7 30.a5 Rfe8 31.Qd5 Qf6 32.d7 Re7 33.Rc1 Rd8 34.Rc8 1-0

[Event "POL-chT3"]
[Site "Jastrzebia Gora POL"]
[Date "2015.??.??"]
[Round "5.44"]
[White "Kowalec, Maciej"]
[Black "Sygulski, Boguslaw"]
[Result "1/2-1/2"]
[WhiteElo "2005"]
[BlackElo "2242"]
[EventDate "2015.??.??"]
[WhiteTitle "k"]
[BlackTitle "IM"]

1.d4 Nf6 2.Nf3 c5 3.e3 cxd4 4.exd4 d5 5.Be2 Bg4 6.c3 Bxf3 7.Bxf3 Nc6 8.Bf4
e6 9.Nd2 Bd6 10.Bg3 O-O 11.O-O Bxg3 12.hxg3 Qb6 13.Qb3 Qxb3 14.axb3 a5 15.
Be2 Rac8 16.Bb5 b6 17.Rfe1 Rc7 18.f3 Ne8 19.Bxc6 Rxc6 20.Ra4 Nd6 21.Rea1 
h6 22.b4 axb4 23.Rxb4 b5 24.Rb3 Rfc8 25.Ra7 R6c7 26.Ra6 Rc6 27.Ra7 R8c7 
28.Ra8+ Kh7 29.Nb1 Rb7 30.Na3 Rcb6 31.Rb4 h5 32.Kf2 g6 33.Ke2 Kg7 34.Ra5 
Kf6 35.Ke3 Nc4+ 36.Nxc4 bxc4 37.Rxb6 Rxb6 38.Ra2 Kf5 39.Kd2 Rb8 40.Kc2 g5 
41.Ra7 Kf6 42.Ra1 h4 43.g4 Kg6 44.Ra6 Rh8 45.Kd2 Kg7 46.Ra7 Kf6 47.Ra6 Kg6
48.Rb6 Ra8 49.Ke3 Ra1 50.Kf2 Rc1 51.Rb8 Rc2+ 52.Kg1 Rc1+ 53.Kh2 Re1 54.g3 
Re2+ 55.Kh3 hxg3 56.Kxg3 Rd2 57.Rg8+ Kf6 58.Rb8 Kg7 59.Rb7 Re2 60.Kh3 Kg6 
61.Rb6 f6 62.Kg3 1/2-1/2

[Event "POL-chT3"]
[Site "Jastrzebia Gora POL"]
[Date "2015.??.??"]
[Round "5.45"]
[White "Markiewicz, Jerzy"]
[Black "Parol, Pawel"]
[Result "1-0"]
[WhiteElo "2251"]
[BlackElo "2039"]
[EventDate "2015.??.??"]
[WhiteTitle "FM"]
[BlackTitle "I++"]

1.d4 e6 2.c4 Nf6 3.Nc3 d5 4.cxd5 exd5 5.Bg5 c6 6.e3 Be7 7.Bd3 O-O 8.Qc2 
Nbd7 9.Nge2 Re8 10.h3 Ne4 11.Bxe7 Qxe7 12.Bxe4 dxe4 13.g4 Nf6 14.O-O-O Nd5
15.Ng3 Nb4 16.Qxe4 Nxa2+ 17.Nxa2 Qxe4 18.Nxe4 Rxe4 19.Nc3 Re8 20.e4 f6 21.
Rhe1 h5 22.Rg1 Kf7 23.f4 hxg4 24.hxg4 Be6 25.Kc2 Rad8 26.f5 Bc4 27.b3 Ba6 
28.Rd2 Rh8 29.Rgg2 Bf1 30.Rg1 Ba6 31.g5 Rh5 32.gxf6 gxf6 33.d5 cxd5 34.
Nxd5 Bb5 35.Rg6 Rd6 36.Rdg2 Rh7 37.Nc3 Bd3+ 38.Kb2 Bf1 39.Rf2 Bh3 40.Rg3 
Rd4 41.Rff3 Rd2+ 42.Kc1 Rh2 43.Rd3 Bf1 44.Rd7+ Ke8 45.Rxh7 Rxh7 46.Nd5 Rh1
47.Kd2 Rh2+ 48.Ke3 Re2+ 49.Kf3 Rb2 50.Rg7 Rxb3+ 51.Kf4 a5 52.Nxf6+ Kf8 53.
Rc7 Bg2 54.e5 Bc6 55.e6 Rf3+ 1-0

[Event "POL-chT3"]
[Site "Jastrzebia Gora POL"]
[Date "2015.??.??"]
[Round "5.46"]
[White "Jozwik, Jacek"]
[Black "Zaskalski, Arkadiusz"]
[Result "0-1"]
[WhiteElo "2012"]
[BlackElo "2184"]
[EventDate "2015.??.??"]
[WhiteTitle "I"]
[BlackTitle "k"]

1.d4 Nf6 2.c4 c5 3.d5 b5 4.cxb5 a6 5.b6 g6 6.Nc3 Qxb6 7.e4 d6 8.Be2 Bg7 9.
Nf3 Bg4 10.Nd2 Bxe2 11.Qxe2 O-O 12.O-O Nbd7 13.a4 Rab8 14.a5 Qa7 15.Nc4 
Rb4 16.f3 Rfb8 17.Kh1 Ne8 18.Na4 Nc7 19.Nab6 Na8 20.Bd2 Rb5 21.Na4 Qb7 22.
f4 Rb3 23.Bc3 Bxc3 24.Nxc3 Nc7 25.Na4 Qb5 26.Rfc1 Rb4 27.Qc2 Na8 28.e5 
dxe5 29.fxe5 Nc7 30.d6 exd6 31.exd6 Ne6 32.Nab6 Nd4 33.Qe4 Nb3 34.Rf1 Nxb6
35.Qe7 Qxc4 36.Rae1 Nxa5 37.Qc7 Rf8 38.d7 Nxd7 39.Qxd7 Rxb2 40.Rf6 Qd4 41.
Rd6 Qf2 0-1

[Event "POL-chT3"]
[Site "Jastrzebia Gora POL"]
[Date "2015.??.??"]
[Round "5.47"]
[White "Markiewicz, Mateusz"]
[Black "Suliborski, Artur"]
[Result "0-1"]
[WhiteElo "2040"]
[BlackElo "1884"]
[EventDate "2015.??.??"]
[WhiteTitle "I++"]
[BlackTitle "I"]

1.e4 c5 2.Nf3 a6 3.c3 g6 4.d4 cxd4 5.cxd4 d5 6.exd5 Nf6 7.Nc3 Nxd5 8.Qb3 
Nxc3 9.bxc3 Bg7 10.Be2 O-O 11.O-O Qc7 12.Ba3 Nc6 13.Rab1 b5 14.Bc5 Be6 15.
Qc2 Rfe8 16.Rfe1 h6 17.h3 Bf5 18.Bd3 Bxd3 19.Qxd3 e5 20.d5 Na5 21.Bb4 Nc4 
22.Nd2 a5 23.d6 Qc6 24.d7 Red8 25.Nxc4 bxc4 26.Qd6 Qxd7 27.Rbd1 Qxd6 28.
Bxd6 e4 29.Bf4 Rd3 30.Rb1 f5 31.Rb6 g5 32.Bc7 Rc8 33.Bh2 Bxc3 34.Reb1 Bg7 
0-1

[Event "POL-chT3"]
[Site "Jastrzebia Gora POL"]
[Date "2015.??.??"]
[Round "5.48"]
[White "Murawko, Katarzyna"]
[Black "Jalowiec, Halina"]
[Result "1-0"]
[WhiteElo "1977"]
[BlackElo "1985"]
[EventDate "2015.??.??"]
[WhiteTitle "k"]
[BlackTitle "WFM"]

1.e4 e5 2.Nf3 Nc6 3.Bb5 a6 4.Ba4 Bc5 5.c3 Nf6 6.d3 b5 7.Bc2 d6 8.O-O Bg4 
9.h3 Bh5 10.Nbd2 O-O 11.Re1 Re8 12.Nf1 Qd7 13.Bg5 d5 14.Qe2 Be7 15.Be3 
Rad8 16.Ng3 Bg6 17.Rad1 Qc8 18.Bc1 Bf8 19.Nh4 d4 20.a3 a5 21.Ngf5 dxc3 22.
bxc3 b4 23.Ba4 Qb7 24.Be3 Ra8 25.Rb1 Reb8 26.cxb4 axb4 27.Qc2 Nd8 28.axb4 
Qa6 29.Bb3 Bxb4 30.Red1 Qa5 31.d4 exd4 32.Bxd4 Ne6 33.Nh6+ Kf8 34.Nxg6+ 
hxg6 35.Bxe6 fxe6 36.Rxb4 Rxb4 37.Bc5+ Ke8 38.Bxb4 Qa4 39.Qxa4+ Rxa4 40.
Bc3 Rxe4 41.f3 Rc4 42.Ba1 Ke7 43.Ng4 Rc2 44.Ne5 g5 45.Bd4 Nd5 46.Nd3 g6 
47.g3 Kd6 48.Bf2 Rc3 49.Kg2 c6 50.Rd2 e5 51.Nxe5 c5 52.Nd3 Kc6 53.Nxc5 1-0